[Event "Colmenarejo Autumn op 29th"]
[Site "Colmenarejo"]
[Date "2019.09.29"]
[Round "3"]
[White "Urruti Diaz, Agustin Anibal"]
[Black "Aznar Gonzalez, Monica"]
[Result "1-0"]
[WhiteElo "1687"]
[BlackElo "1232"]
[PlyCount "81"]
[EventDate "2019.09.15"]
[EventType "swiss"]
[EventRounds "7"]
[EventCountry "ESP"]
[SourceTitle "EXT 2021"]
[Source "ChessBase"]
[SourceDate "2020.10.23"]
[SourceVersion "1"]
[SourceVersionDate "2020.10.23"]
[SourceQuality "1"]

1. e4 e6 2. d4 d5 3. e5 c5 4. c3 Nc6 5. Nf3 Qb6 6. Be2 Nge7 7. Qc2 Ng6 8. Be3 Be7 9. h4 Bd7 10. h5 Nxd4 11. Nxd4 Nxe5 12. Nxe6 d4 13. Nxd4 cxd4 14. Bxd4 Qc7 15. Qe4 f6 16. Qe3 Nc4 17. Bxc4 Qxc4 18. Nd2 Qe6 19. Ne4 b6 20. h6 Rg8 21. hxg7 Rxg7 22. Kd2 0-0-0 23. Rh6 Bc6 24. Ng3 Qxe3+ 25. Kxe3 Bd7 26. Bxf6 Bxf6 27. Rxf6 Re8+ 28. Kd3 Rg5 29. Ne4 Bf5 30. Rxf5 Rd8+ 31. Ke3 Rxg2 32. Rh1 Rg7 33. Rfh5 Rdd7 34. f4 Rde7 35. Kf3 Rd7 36. f5 Rd3+ 37. Kf4 Kd7 38. Rxh7 Re7 39. Rxe7+ Kxe7 40. Rh7+ Kf8 41. Rxa7 1-0

[Event "Madrid Colmenarejo Autumn op 22nd"]
[Site "Madrid"]
[Date "2017.10.15"]
[Round "5"]
[White "Rapaport, Andres Natalio"]
[Black "Urruti Diaz, Agustin Anibal"]
[Result "0-1"]
[WhiteElo "1362"]
[BlackElo "1681"]
[PlyCount "62"]
[EventDate "2017.09.17"]
[EventType "swiss"]
[EventRounds "7"]
[EventCountry "ESP"]
[SourceTitle "EXT 2019"]
[Source "ChessBase"]
[SourceDate "2018.10.10"]
[SourceVersion "1"]
[SourceVersionDate "2018.10.10"]
[SourceQuality "1"]

1. d4 d5 2. Bf4 Bf5 3. Nf3 Nf6 4. e3 e6 5. Be2 Nh5 6. Bg5 Nf6 7. h3 h6 8. Bf4 Be7 9. Nbd2 c5 10. c3 Nc6 11. 0-0 0-0 12. Ne5 Nxe5 13. dxe5 Nh7 14. Rc1 Qb6 15. b3 Rfd8 16. Bg4 Bg6 17. Be2 d4 18. Nc4 Qa6 19. Qd2 dxc3 20. Qxc3 Qxa2 21. Bf3 Rd3 22. Ra1 Rxc3 23. Rxa2 Rxb3 24. Rd2 Bd3 25. Be2 Bxe2 26. Rxe2 Rd8 27. Nb2 b5 28. e4 c4 29. Rc1 a5 30. Rd2 Rxd2 31. Bxd2 Ba3 0-1

[Event "Madrid Colmenarejo Autumn op 22nd"]
[Site "Madrid"]
[Date "2017.10.08"]
[Round "4"]
[White "Urruti Diaz, Agustin Anibal"]
[Black "Anton Ortiz, Javier"]
[Result "1-0"]
[WhiteElo "1681"]
[BlackElo "1201"]
[PlyCount "63"]
[EventDate "2017.09.17"]
[EventType "swiss"]
[EventRounds "7"]
[EventCountry "ESP"]
[SourceTitle "EXT 2019"]
[Source "ChessBase"]
[SourceDate "2018.10.10"]
[SourceVersion "1"]
[SourceVersionDate "2018.10.10"]
[SourceQuality "1"]

1. e4 e5 2. Nf3 Nc6 3. Bc4 Bc5 4. 0-0 Nf6 5. d3 a6 6. a4 d6 7. h3 0-0 8. Bg5 Nd4 9. Nxd4 Bxd4 10. c3 Ba7 11. Nd2 h6 12. Bh4 g5 13. Bg3 h5 14. h4 Ng4 15. Nf3 gxh4 16. Bxh4 Qd7 17. d4 Kh7 18. Ng5+ Kg6 19. Qd2 Qd8 20. dxe5 dxe5 21. Bxf7+ Kf6 22. Nh7+ Kxf7 23. Bxd8 Rg8 24. Ng5+ Rxg5 25. Qxg5 Be6 26. Qxh5+ Kf8 27. Bxc7 Nf6 28. Bd6+ Kg8 29. Qg6+ Kh8 30. Bxe5 Rg8 31. Bxf6+ Rg7 32. Qxg7# 1-0

[Event "Colmenarejo Autumn op"]
[Site "Colmenarejo"]
[Date "2015.10.18"]
[Round "5"]
[White "Urruti Diaz, Agustin Anibal"]
[Black "Firth, Roy Arthur"]
[Result "1-0"]
[WhiteElo "1765"]
[BlackElo "1437"]
[PlyCount "75"]
[EventDate "2015.09.20"]
[EventType "swiss"]
[EventRounds "7"]
[EventCountry "ESP"]
[SourceTitle "EXT 2019"]
[Source "ChessBase"]
[SourceDate "2018.10.10"]
[SourceVersion "1"]
[SourceVersionDate "2018.10.10"]
[SourceQuality "1"]

1. e4 e5 2. Nf3 d6 3. d4 exd4 4. Nxd4 Be7 5. Bc4 Nf6 6. Nc3 Bg4 7. f3 Bh5 8. Nf5 0-0 9. 0-0 Bg6 10. Nxe7+ Qxe7 11. Bg5 c6 12. Qd2 Qe5 13. Kh1 b5 14. Bb3 Na6 15. Bf4 Qe8 16. Qxd6 Rd8 17. Qe5 Nd7 18. Qg5 Kh8 19. Bd6 h6 20. Qg3 Rg8 21. Rae1 Nac5 22. e5 Nxb3 23. cxb3 Bd3 24. Rf2 Qe6 25. Rd2 Bf5 26. f4 g5 27. Bc7 gxf4 28. Qxf4 Rg4 29. Qe3 Rdg8 30. Rd6 Qe7 31. Rxh6+ Kg7 32. Rxc6 Qg5 33. Qxg5+ Rxg5 34. Nxb5 Kh7 35. Nd4 Nb8 36. Bxb8 Rxb8 37. Rc7 Rbg8 38. Rxf7+ 1-0

[Event "Colmenarejo Autumn op"]
[Site "Colmenarejo"]
[Date "2015.09.27"]
[Round "2"]
[White "Parra Deon, Enrique"]
[Black "Urruti Diaz, Agustin Anibal"]
[Result "0-1"]
[WhiteElo "1234"]
[BlackElo "1765"]
[PlyCount "78"]
[EventDate "2015.09.20"]
[EventType "swiss"]
[EventRounds "7"]
[EventCountry "ESP"]
[SourceTitle "EXT 2019"]
[Source "ChessBase"]
[SourceDate "2018.10.10"]
[SourceVersion "1"]
[SourceVersionDate "2018.10.10"]
[SourceQuality "1"]

1. e4 e5 2. Nf3 Nc6 3. d4 exd4 4. Nxd4 Qf6 5. Be3 Bc5 6. c3 Nge7 7. Bc4 Ne5 8. Bb3 a6 9. 0-0 d6 10. f4 Ng4 11. Bd2 Bxd4+ 12. cxd4 Qxd4+ 13. Kh1 Nf2+ 14. Rxf2 Qxf2 15. Nc3 Ng6 16. f5 Nh4 17. Qf1 Qxd2 18. Rb1 Qg5 19. Nd5 Kd8 20. g3 Nxf5 21. exf5 Bxf5 22. Re1 Be6 23. Qf3 Rc8 24. h4 Qg4 25. Qxg4 Bxg4 26. Ne3 Bf3+ 27. Kh2 f6 28. Nf5 g5 29. Nh6 Re8 30. Nf7+ Kd7 31. Rxe8 Rxe8 32. hxg5 Re2+ 33. Kg1 f5 34. Bd1 Rg2+ 35. Kf1 Bd5 36. Bb3 Bxb3 37. Ne5+ dxe5 38. Kxg2 Bxa2 39. Kf3 Kd6 0-1

[Event "Colmenarejo Spring op 8th"]
[Site "Colmenarejo"]
[Date "2013.04.14"]
[Round "1.7"]
[White "Blanco Ruiz, Cesar"]
[Black "Urruti Diaz, Agustin Anibal"]
[Result "1-0"]
[WhiteElo "1747"]
[BlackElo "1767"]
[PlyCount "65"]
[EventDate "2013.04.14"]
[EventType "swiss"]
[EventRounds "7"]
[EventCountry "ESP"]
[SourceTitle "EXT 2024"]
[Source "ChessBase"]
[SourceDate "2023.10.10"]
[SourceVersion "1"]
[SourceVersionDate "2023.10.10"]
[SourceQuality "1"]

1. d4 Nf6 2. Bg5 e6 3. e4 Be7 4. Bd3 h6 5. Bh4 d6 6. f4 b6 7. Nf3 Bb7 8. Nbd2 Nh5 9. Bg3 Nxg3 10. hxg3 Nc6 11. c3 a6 12. a4 Bf6 13. Qe2 e5 14. Nb3 Qd7 15. 0-0-0 Qg4 16. fxe5 dxe5 17. d5 Nb8 18. Qf2 Qd7 19. Bc2 a5 20. d6 Bc6 21. Rh5 cxd6 22. Qxb6 Qg4 23. Nxe5 dxe5 24. Rxe5+ Qe6 25. Rxe6+ fxe6 26. e5 Bg5+ 27. Kb1 0-0 28. Nd4 Bd5 29. Bd3 Nd7 30. Qc7 Rf7 31. Bg6 Re7 32. Nc6 Bxc6 33. Qxc6 1-0